|
|
|
|
| LEADER |
00000nam0a2200000 4500 |
| 001 |
66588 |
| 005 |
20231031072504.0 |
| 010 |
|
|
|a 5895520804
|
| 035 |
|
|
|a (RuTPU)RU\TPU\book\70788
|
| 090 |
|
|
|a 66588
|
| 100 |
|
|
|a 20040830d2003 m y0rusy50 ca
|
| 101 |
0 |
|
|a rus
|
| 102 |
|
|
|a RU
|
| 105 |
|
|
|a a j 001zy
|
| 200 |
1 |
|
|a Переработка твердого топлива
|e учебное пособие
|f А. В. Каталымов, А. И. Кобяков
|g Московский государственный университет инженерной экологии
|
| 210 |
|
|
|a Москва
|c Изд-во Н. Бочкаревой
|d 2003
|
| 215 |
|
|
|a 248 с.
|c ил.
|
| 320 |
|
|
|a Библиогр.: с. 246-247
|
| 610 |
1 |
|
|a химическая технология
|
| 610 |
1 |
|
|a твердое топливо
|
| 610 |
1 |
|
|a переработка
|
| 610 |
1 |
|
|a уголь
|
| 610 |
1 |
|
|a свойства
|
| 610 |
1 |
|
|a термическая переработка
|
| 610 |
1 |
|
|a газификация
|
| 610 |
1 |
|
|a термическое разложение
|
| 610 |
1 |
|
|a коксовый газ
|
| 610 |
1 |
|
|a каменноугольные смолы
|
| 610 |
1 |
|
|a полукоксование
|
| 610 |
1 |
|
|a экологическая безопасность
|
| 610 |
1 |
|
|a учебные пособия
|
| 675 |
|
|
|a 662.7(075.8)
|v 3
|
| 700 |
|
1 |
|a Каталымов
|b А. В.
|g Анатолий Васильевич
|
| 701 |
|
1 |
|a Кобяков
|b А. И.
|g Анатолий Иванович
|
| 712 |
0 |
2 |
|a Московский государственный университет инженерной экологии
|2 stltpush
|3 (RuTPU)RU\TPU\col\4003
|
| 801 |
|
1 |
|a RU
|b 63413507
|c 20040830
|g PSBO
|
| 801 |
|
2 |
|a RU
|b 63413507
|c 20040915
|g PSBO
|
| 942 |
|
|
|c BK
|